Würzburger Ratsprotokolle, 1432-1454 /
Saved in:
| Corporate Author: | |
|---|---|
| Other Authors: | , , , , |
| Format: | Book |
| Language: | German |
| Published: |
Würzburg :
Verlag Ferdinand Schöningh,
2014.
|
| Series: | Fontes herbipolenses ;
Bd. 9. |
| Subjects: | |
| Tags: |
Add Tag
No Tags, Be the first to tag this record!
|
| LEADER | 02225nam a2200457Ii 4500 | ||
|---|---|---|---|
| 001 | 014201729-9 | ||
| 005 | 20150116184301.0 | ||
| 008 | 141103s2014 gw ab b 001 0 ger d | ||
| 020 | |a 9783877177150 (hd.bd.) | ||
| 035 | 0 | |a ocn892336575 | |
| 035 | |a (MARCnow)har140277098 | ||
| 040 | |a NyNyMAR |b eng |e rda |c NyNyMAR | ||
| 043 | |a e-gx--- | ||
| 050 | 4 | |a DD901.W93 |b W87 2014 | |
| 090 | |a JS5598.W873 |b A5 2014 | ||
| 110 | 1 | |a Würzburg (Germany). |b Stadtrat. | |
| 245 | 1 | 0 | |a Würzburger Ratsprotokolle, 1432-1454 / |c bearbeitet von Antonia Bieber ; unter Mitwirkung von Anna Marika Fersch und Katharina Räth ; herausgegeben von Franz Fuchs und Ulrich Wagner. |
| 264 | 1 | |a Würzburg : |b Verlag Ferdinand Schöningh, |c 2014. | |
| 300 | |a xxiv, 543 pages : |b color illustrations, map ; |c 27 cm. | ||
| 336 | |a text |2 rdacontent | ||
| 337 | |a unmediated |2 rdamedia | ||
| 338 | |a volume |2 rdacarrier | ||
| 490 | 1 | |a Fontes herbipolenses : Editionen und Studien aus dem Stadtarchiv Würzburg ; |v Band 9 | |
| 500 | |a Source materials. | ||
| 500 | |a Critical edition. | ||
| 504 | |a Includes bibliographical references and indexes. | ||
| 505 | 0 | 0 | |g Vorwort -- |t Abkürzungs- und Siglenverzeichnis -- |t Editionsgrundsätze -- |t Chronologie der Ratssitzungen, Ratsprotokoll 1 -- |t Textüberlieferung -- |t Ratsprotokoll 1 (1432-1434) -- |t Ratsprotokoll 2 (1433-1434) -- |t Ratsprotokoll 3 (1443-1451) -- |t Ratsprotokoll 4 (1451-1454) -- |g Quellen -- |g Literatur -- |g Personen -- |g Orte -- |g Sachen -- |g Würzburger Amtsträger 1432-1454 -- |g Bearbeiter und Herausgeber -- |g Abbildungen -- |g Stadtplan. |
| 651 | 0 | |a Würzburg (Germany) |x Politics and government |v Sources. | |
| 651 | 0 | |a Würzburg (Germany) |x History |v Sources. | |
| 650 | 0 | |a Protocol-books |z Germany |z Würzburg. | |
| 650 | 0 | |a Law reports, digests, etc. |z Germany |z Würzburg. | |
| 651 | 0 | |a Würzburg (Germany) |x History |y To 1500 |v Sources. | |
| 700 | 1 | |a Wagner, Ulrich, |d 1948- |e editor. | |
| 700 | 1 | |a Fuchs, Franz Josef, |d 1953- |e editor. | |
| 700 | 1 | |a Bieber, Antonia, |d 1986- |e editor. | |
| 700 | 1 | |a Fersch, Anna Marika, |d 1984- |e editor. | |
| 700 | 1 | |a Räth, Katharina, |d 1983- |e editor. | |
| 830 | 0 | |a Fontes herbipolenses ; |v Bd. 9. | |
| 899 | |a 415_565122 | ||
| 988 | |a 20141003 | ||
| 906 | |0 VEN | ||


